00993nam a2200241Ia 450000500170000000800410001702000150005804000240007305000220009708200120011910000270013124500800015826001070023830000310034556300110037665000370038765000210042465000470044594200100049299900150050295201170051795201170063420250227165526.0210628s9999 xx 000 0 und d a9780480099 aNLNbEnglisheAACR2 aDT515.76.A235bA3 a920.669 aADI, S. Y.eaut963237 0aYinoluwa :ba possible journey through life : an autobiography /cS. Y. Adi aIbadan, Oyo State (P. O. Box 20024, University of Ibadan Post Office) :bSam Bookman Publishers,c2001 axii, 276p. :bill. ; 23cm. a(pbk)  aAdị, Yinoluwa S., 1946-963238 aReminiscing9135 aEvangelistsvNigeriaxAutobiography963540 cBKn0 c5742d5742 00102lcc4070aLAGbMAINd2025-02-25l0oDT515.76.A235 A3p2025-452450r2025-02-25 10:47:57t1w2025-02-25yBK 00102lcc4070aABJbMAINd2025-02-25l0oDT515.76.A235 A3p2025-452451r2025-02-25 10:48:37t1w2025-02-25yBK